[Event "ROM-ch U12"]
[Site "Calimanesti"]
[Date "2015.04.05"]
[Round "8"]
[White "Ivan, Vlad Daniel"]
[Black "Cirtina, Victor"]
[Result "1-0"]
[WhiteElo "1223"]
[BlackElo "1100"]
[PlyCount "51"]
[EventDate "2015.03.30"]
[EventType "swiss"]
[EventRounds "9"]
[EventCountry "ROU"]
[SourceTitle "CBM 165 Extra"]
[Source "ChessBase"]
[SourceDate "2015.04.21"]
[SourceVersion "1"]
[SourceVersionDate "2015.04.21"]
[SourceQuality "1"]

1. e4 c6 2. d4 d5 3. exd5 cxd5 4. c4 Nc6 5. Nf3 g6 6. h3 Nh6 7. Nc3 Qa5 8. Bd2 dxc4 9. Bxc4 Qb6 10. Qb3 Nxd4 11. Qxb6 Nxf3+ 12. Ke2 axb6 13. Kxf3 Bg7 14. Be3 Bxc3 15. bxc3 Ra3 16. Rae1 Be6 17. Bxe6 fxe6 18. Bxh6 Rxa2 19. Rb1 Ra3 20. Ke2 Rxc3 21. Bg7 Rc2+ 22. Kd3 Rxf2 23. Bxh8 Rxg2 24. Rxb6 Rg3+ 25. Ke4 Kf7 26. Rf1+ 1-0

[Event "ROM-ch U12"]
[Site "Calimanesti"]
[Date "2015.04.04"]
[Round "7"]
[White "Dinu, Stefan"]
[Black "Ivan, Vlad Daniel"]
[Result "0-1"]
[WhiteElo "1092"]
[BlackElo "1223"]
[PlyCount "80"]
[EventDate "2015.03.30"]
[EventType "swiss"]
[EventRounds "9"]
[EventCountry "ROU"]
[SourceTitle "CBM 165 Extra"]
[Source "ChessBase"]
[SourceDate "2015.04.21"]
[SourceVersion "1"]
[SourceVersionDate "2015.04.21"]
[SourceQuality "1"]

1. e4 c5 2. Nc3 g6 3. g3 Bg7 4. Bg2 Nc6 5. d3 Nf6 6. Be3 d6 7. Qd2 Be6 8. f4 Ng4 9. Nf3 Nxe3 10. Qxe3 Qa5 11. Qd2 0-0 12. 0-0 b5 13. a3 Qb6 14. Nd5 Bxd5 15. exd5 Nd4 16. Nh4 c4 17. Kh1 Bf6 18. c3 Nb3 19. Qc2 Nxa1 20. Rxa1 Bxh4 21. gxh4 cxd3 22. Qxd3 Qf2 23. Qg3 Qxb2 24. Rd1 Qxa3 25. f5 Rac8 26. Bf1 Rxc3 27. Qg2 Rc1 28. Rd3 Qxd3 29. Kg1 Qxf5 30. Qf2 Qxf2+ 31. Kxf2 b4 32. Bd3 b3 33. h5 Rfc8 34. hxg6 R8c2+ 35. Ke3 b2 36. gxh7+ Kh8 37. Bxc2 Rxc2 38. Kd3 b1Q 39. h4 Qb3+ 40. Kd4 Rc4# 0-1

[Event "ROM-ch U12"]
[Site "Calimanesti"]
[Date "2015.04.02"]
[Round "5"]
[White "Balan, Bogdan"]
[Black "Ivan, Vlad Daniel"]
[Result "1-0"]
[WhiteElo "1244"]
[BlackElo "1223"]
[PlyCount "127"]
[EventDate "2015.03.30"]
[EventType "swiss"]
[EventRounds "9"]
[EventCountry "ROU"]
[SourceTitle "CBM 165 Extra"]
[Source "ChessBase"]
[SourceDate "2015.04.21"]
[SourceVersion "1"]
[SourceVersionDate "2015.04.21"]
[SourceQuality "1"]

1. e4 c5 2. Nf3 g6 3. d4 cxd4 4. Nxd4 Nc6 5. Nxc6 bxc6 6. Nc3 Bg7 7. Bd2 d5 8. exd5 cxd5 9. Bb5+ Bd7 10. Bxd7+ Qxd7 11. 0-0 Nf6 12. Bg5 e6 13. Bxf6 Bxf6 14. Qf3 Bxc3 15. Qxc3 0-0 16. Qd3 Rab8 17. b3 Rfc8 18. c4 Rd8 19. Rad1 Rbc8 20. cxd5 Qxd5 21. Qxd5 Rxd5 22. Rxd5 exd5 23. g3 Rc2 24. Ra1 Kg7 25. Kf1 Kf6 26. h4 Kf5 27. Rd1 Ke4 28. a3 Rc3 29. Rb1 d4 30. Ke2 Rc2+ 31. Ke1 d3 32. a4 d2+ 33. Kd1 Kd3 34. b4 Rc4 35. a5 a6 36. Rb3+ Kd4 37. Kxd2 Ke4 38. f3+ Kf5 39. b5 axb5 40. Rxb5+ Ke6 41. a6 Ra4 42. Rb6+ Ke5 43. Rb7 f5 44. a7 h6 45. f4+ Kd4 46. Rb4+ Rxb4 47. a8Q Rb2+ 48. Kc1 Rh2 49. Qa7+ Kc3 50. Qe3+ Kc4 51. Qg1 Ra2 52. Kb1 Rd2 53. Qe3 Rh2 54. Qe6+ Kc3 55. Qxg6 Rb2+ 56. Ka1 Rh2 57. Qxf5 Kb3 58. Qb1+ Kc3 59. Qe1+ Kb3 60. g4 Ra2+ 61. Kb1 Rb2+ 62. Kc1 Ka3 63. Qa5+ Kb3 64. Qb6+ 1-0